00653nam a2200253Ia 4500008004100000020001800041050001000059050002400069100002000093245001500113245003600128245002300164260002000187260002200207260000900229300001900238300002000257300001000277650002200287650003700309650001500346650002700361700001100388180313s9999 xx 000 0 und d a9780345472328 a153.8 bSHS 153.8 D989 2016 aDweck, Carol S. aMindset :  bthe new psychology of success / cby Carol S. Dweck. aNew York, USA : bBallantine Books, c2006 ax, 277 pages : billustrations ; c20cm. aBelief and doubt. aSelf-actualization (Psychology). aSuccess -- xPsychological aspects. aTitle.